Sensitizing students to racism in the news (Record no. 76786)

MARC details
000 -CABECERA
campo de control de longitud fija 00567nam a2200205 a 4500
005 - FECHA Y HORA DE LA ÚLTIMA TRANSACCIÓN
campo de control 20210219153433.0
008 - ELEMENTOS DE LONGITUD FIJA--INFORMACIÓN GENERAL
campo de control de longitud fija 991125n 000 0 u
035 ## - NÚMERO DE CONTROL DEL SISTEMA
Número de control de sistema UPN01000099380
100 ## - ASIENTO PRINCIPAL--NOMBRE PERSONAL
Nombre de persona Dickson, Thomas V.
222 ## - TÍTULO CLAVE
Título clave JOURNALISM AND MASS COMMUNICATION EDUCATOR
245 ## - MENCIÓN DE TÍTULO
Título Sensitizing students to racism in the news
300 ## - DESCRIPCIÓN FÍSICA
Extensión 28-33
362 ## - FECHAS DE PUBLICACIÓN Y/O DESIGNACIÓN SECUENCIAL
Fecha de publicación y/o designación secuencial 47, No. 4, 1993
505 ## - NOTA DE CONTENIDO CON FORMATO PREESTABLECIDO
Nota de contenido con formato Julio 1993
653 0# - TERMINO DE INDIZACION - NO CONTROLADO
Término no controlado ACTITUDES DEL ESTUDIANTE
653 0# - TERMINO DE INDIZACION - NO CONTROLADO
Término no controlado EDUCACION PERIODISTICA
653 0# - TERMINO DE INDIZACION - NO CONTROLADO
Término no controlado PREJUICIO RACIAL
904 ## - ELEMENTOS DE DATOS D LOCAL, LDD (RLIN)
a AC
b 037191
905 ## - TIPO DE MATERIAL
Tipo de material Articulo

No items available.